Discrete Mathematical Structures (Record no. 4570)

MARC details
000 -LEADER
fixed length control field 00349nam a2200145Ia 4500
008 - FIXED-LENGTH DATA ELEMENTS--GENERAL INFORMATION
fixed length control field 191201s2009 xx 000 0 und d
082 ## - DEWEY DECIMAL CLASSIFICATION NUMBER
Classification number 510
Item number KOD
100 ## - MAIN ENTRY--PERSONAL NAME
Personal name KOLMAN, Bernard
245 #0 - TITLE STATEMENT
Title Discrete Mathematical Structures
250 ## - EDITION STATEMENT
Edition statement 6th Ed.
260 ## - PUBLICATION, DISTRIBUTION, ETC. (IMPRINT)
Place of publication, distribution, etc N. delhi
Name of publisher, distributor, etc PHI
Date of publication, distribution, etc 2009
300 ## - PHYSICAL DESCRIPTION
Extent 522+9
650 ## - SUBJECT ADDED ENTRY--TOPICAL TERM
Topical term or geographic name as entry element B.Tech(CSE)
942 ## - ADDED ENTRY ELEMENTS (KOHA)
Source of classification or shelving scheme Dewey Decimal Classification
Koha item type Text Books
942 ## - ADDED ENTRY ELEMENTS (KOHA)
-- 1
Holdings
Withdrawn status Lost status Source of classification or shelving scheme Damaged status Not for loan Collection code Home library Current library Date acquired Source of acquisition Cost, normal purchase price Bill Number Total Checkouts Full call number Acc. no. / Barcode Date last seen Bill Date Koha item type Date last borrowed Checked out
    Dewey Decimal Classification     B.Tech(CSE) PIET C-LIBRARY PIET C-LIBRARY 15/07/2010 The book company 375.00 2035   510 KOD 15745 04/12/2019 12/07/2010 Text Books    
    Dewey Decimal Classification     B.Tech(CSE) PIET C-LIBRARY PIET C-LIBRARY 15/07/2010 The book company 375.00 2035 1 510 KOD 15746 23/03/2023 12/07/2010 Text Books 21/03/2023  
    Dewey Decimal Classification     B.Tech(CSE) PIET C-LIBRARY PIET C-LIBRARY 15/07/2010 The book company 375.00 2035   510 KOD 15747 04/12/2019 12/07/2010 Text Books    
    Dewey Decimal Classification     B.Tech(CSE) PIET C-LIBRARY PIET C-LIBRARY 15/07/2010 The book company 375.00 2035   510 KOD 15748 04/12/2019 12/07/2010 Text Books    
    Dewey Decimal Classification     B.Tech(CSE) PIET C-LIBRARY PIET C-LIBRARY 15/07/2010 The book company 375.00 2035 2 510 KOD 15749 05/06/2023 12/07/2010 Text Books 01/06/2023  
    Dewey Decimal Classification     B.Tech(CSE) PIET C-LIBRARY PIET C-LIBRARY 15/07/2010 The book company 375.00 2035 1 510 KOD 15750 03/11/2020 12/07/2010 Text Books 03/11/2020 17/11/2020
    Dewey Decimal Classification     B.Tech(CSE) PIET C-LIBRARY PIET C-LIBRARY 15/07/2010 The book company 375.00 2035   510 KOD 15751 04/12/2019 12/07/2010 Text Books    
    Dewey Decimal Classification     B.Tech(CSE) PIET C-LIBRARY PIET C-LIBRARY 15/07/2010 The book company 375.00 2035   510 KOD 15752 04/12/2019 12/07/2010 Text Books    

Design & Developed by: PIET Central Library
R70 Miles Stone Pattikalyana Samalkha Panipat 132102
mail ID :- [email protected], Phone No:- 0180-2569700 Ex.216